000 01190nam a22003497a 4500
003 CHAP
005 20220329133844.0
008 971013s1946 r 00010 d
010 _a11851
011 _a12823
035 _a16526
040 _cCHAP
090 _aTesis
100 0 0 _aRodríguez Mota Velasco, Guillermo.
_998728
245 1 _aCultivo, plagas y enfermedades del naranjo en el Edo. de Nuevo León
260 _aChapingo, Méx. :
_bEl autor,
_c1946
300 _a86 p. ilus.
502 _aTesis (Ing. Agr. Esp. en Parasitología Agrícola) -- ENA. Departamento de Parasitología Agrícola
590 _aALEPH
_b10
_c20130110
_lUCH01
_h1230
590 _aBATCH-UPD
_b10
_c20130110
_lUCH01
_h0050
590 _aBATCH-UPD
_b10
_c20130110
_lUCH01
_h1853
590 _aBATCH-UPD
_b10
_c20130409
_lUCH01
_h2037
590 _aBATCH-UPD
_b10
_c20130410
_lUCH01
_h1222
590 _aBATCH-UPD
_b10
_c20130914
_lUCH01
_h1836
590 _aCONVERSION
_b10
_c20130109
_lUCH01
_h1308
650 1 4 _aNaranja
_xEnfermedades.
_980155
650 1 4 _aNaranja
_xNuevo León.
_980180
650 1 4 _aNaranja
_xPlagas.
_980182
901 _aBK
942 _cTESIS
949 _bBC
_cTES
_d-154263
_eTS1
_i16526
_si
999 _c11851
_d11851